000 00717nam a2200253Ia 4500
003 OSt
005 20221005064201.0
006 a|||||r|||| 00| 0
007 ta
008 221004b |||||||| |||| 00| 0 eng d
024 _a58313
037 _cTextual
040 _aCRL
_cCRL
_beng
041 _2eng
_aeng
082 _aV2:25wM87, K0.1-;1
100 _aShyam Sunder
_9503338
245 0 _aPolitical life of Pandit Govind Ballabh Pant
260 _aLucknow
_bShailanil India
_c1960
490 _vV.1
650 _aPANT, GOBIND VALLABH
_9603558
700 _a Savitri Shyam
_9603559
942 _hV2:25wM87, K0.1-;1
_cTEXL
_2cc
999 _c972581
_d972581